000
00274nam a2200097Ia 4500
001
1112810
005
20250827003937.0
008
250824s9999 xx 000 0 und d
245
0
_a
BUGÜN HAYAL KURACAKTIM
_c
GÖKÇE ATEŞ AYTUĞ
260
_b
GÜNIŞIĞI KİTAPLIĞI YAYINLARI
999
_c
1112810
_d
1112810